000 01170nam a2200301 i 4500
003 EG-GICUC
005 20260204001543.0
008 260204s1969 ua ||||fr|||| 000 0 ara d
040 _a EG-GICUC
_bara
_c EG-GICUC
_d EG-GICUC
_erda
041 0 _aara
082 0 4 _221
_a343.93
_bأ ح . س
092 0 4 _221
099 _aLaw1 10 343.93 أ ح . س 1969
100 0 _a أحمد فتحي سرور.
_eمؤلف.
245 1 2 _aالسياسة الجنائية :
_b( فكرتها ومذاهبها وتخطيطها ) /
_cتأليف الدكتور أحمد فتحي سرور.
264 1 _a[مكان النشر غير محدد ] :
_b[الناشر غير محدد]،
_c1969.
300 _a126 ؛ صفحة
_c26 سم.
_bإيضاحيات، صور، مثيليات ؛
336 _2rda content
_atext
337 _2rda media
_aComputer
338 _2rda carrier
_aOnline Resource
546 _aالنص باللغة العربية
650 1 4 _aعلم السياسة الجنائية
_2qrmak
650 1 4 _aالقانون الجنائي
_2qrmak
651 1 _2qrmak
856 4 0 _uhttps://fll.law.cu.edu.eg/fulltext/bks/B10-08358.pdf
905 _a77
942 _2ddc
_cBK
_e21
_n0
999 _c60843
_d60843